书目信息 |
| 题名: |
中国动物遗传育种研究进展
|
|
| 作者: | 李辉 主编 | |
| 分册: | ||
| 出版信息: | 北京 中国农业科学技术出版社 2005.8 |
|
| 页数: | 693页 | |
| 开本: | 29cm | |
| 丛书名: | ||
| 单 册: | ||
| 中图分类: | S813.2-53 | |
| 科图分类: | ||
| 主题词: | 畜禽育种--xu qin yu zhong--遗传育种--文集 , 遗传育种--yi chuan yu zhong | |
| 电子资源: | ||
| ISBN: | 7-80167-829-X | |
| 000 | 01176nam0 2200265 45 | |
| 001 | 012006000794 | |
| 005 | 20061115152133.79 | |
| 010 | @a7-80167-829-X@b精装@dCNY180.00 | |
| 100 | @a20060626d2005 kemy0chiy0121 ea | |
| 101 | 0 | @achi@deng |
| 102 | @aCN@b110000 | |
| 105 | @aa a 000yy | |
| 200 | 1 | @a中国动物遗传育种研究进展@Azhong guo dong wu yi chuan yu zhong yan jiu jin zhan@e第十三次全国动物遗传育种学术讨论会论文集@d= Advance on animal genetic and breeding researches in China@f李辉主编@zeng |
| 210 | @a北京@c中国农业科学技术出版社@d2005.8 | |
| 215 | @a693页@c图@d29cm | |
| 320 | @a有书目 | |
| 330 | @a全书收入论文140余篇, 分为数量遗传学与动物育种, 反刍动物分子遗传与育种、猪分子遗传与育种、家禽分子遗传与育种、其他五大类。 | |
| 510 | 1 | @aAdvance on animal genetic and breeding researches in China@zeng |
| 517 | 1 | @a第十三次全国动物遗传育种学术讨论会论文集@Adi shi san ci quan guo dong wu yi chuan yu zhong xue shu tao lun hui lun wen ji |
| 606 | 0 | @a畜禽育种@Axu qin yu zhong@x遗传育种@j文集 |
| 606 | 0 | @a遗传育种@Ayi chuan yu zhong |
| 690 | @aS813.2-53@v4 | |
| 701 | 0 | @a李辉@Ali hui@4主编 |
| 801 | 0 | @aCN@c20061115 |
| 905 | @apdsgxy@dS813.2-53@eL173 | |
| 中国动物遗传育种研究进展:第十三次全国动物遗传育种学术讨论会论文集= Advance on animal genetic and breeding researches in China/李辉主编.-北京:中国农业科学技术出版社,2005.8 |
| 693页:图;29cm |
| ISBN 7-80167-829-X(精装):CNY180.00 |
| 全书收入论文140余篇, 分为数量遗传学与动物育种, 反刍动物分子遗传与育种、猪分子遗传与育种、家禽分子遗传与育种、其他五大类。 |
| ● |
| 相关链接 |
|
|
|
正题名:中国动物遗传育种研究进展
索取号:S813.2-53/L173
 
预约/预借
| 序号 | 登录号 | 条形码 | 馆藏地/架位号 | 状态 | 备注 |
| 1 | 638406 | 206384063 | 自科库401/401自科库 1排4列2层/ [索取号:S813.2-53/L173] | 在馆 |